| 000 | 00530nam a2200169 a 4500 | ||
|---|---|---|---|
| 005 | 20210219152617.0 | ||
| 008 | 991125s1959 est 000 0 ger u | ||
| 035 | _aUPN01000057409 | ||
| 049 | _aCG | ||
| 050 | 4 |
_aDL619 _bT78 |
|
| 245 | 0 | 0 |
_aTravel, study, and research in Sweden / _ccomp. by Adéle Heilborn. |
| 260 |
_aEstocolmo : _bSweden America Foundation, _c1959. |
||
| 300 | _axi, 243 p., [2] h. pleg. | ||
| 650 | 4 |
_aSUIZA - _xDESCRIPCION Y VIAJES - _xGUIA DE VIAJEROS |
|
| 700 | 1 |
_aHeilborn, Adéle, _ecomp. |
|
| 905 | _aLibro | ||
| 999 |
_c57409 _d57409 |
||